[Event "Catalao op 1st"]
[Site "Catalao"]
[Date "2019.02.09"]
[Round "1"]
[White "Martins, Arthur Nunes"]
[Black "Franca, Jairo Jr"]
[Result "0-1"]
[WhiteElo "1247"]
[BlackElo "1840"]
[PlyCount "48"]
[EventDate "2019.02.09"]
[EventType "swiss"]
[EventRounds "5"]
[EventCountry "BRA"]
[SourceTitle "CBM 189 Extra"]
[Source "ChessBase"]
[SourceDate "2019.06.03"]
[SourceVersion "1"]
[SourceVersionDate "2019.06.03"]
[SourceQuality "1"]

1. e4 c5 2. Nf3 e6 3. d4 cxd4 4. Nxd4 Nc6 5. Nc3 Qc7 6. Bc4 a6 7. a4 Nf6 8. Bg5 Be7 9. 0-0 0-0 10. Re1 d6 11. Kh1 Bd7 12. f4 Rac8 13. b3 Rfe8 14. Qd2 h6 15. Bh4 Nxe4 16. Nxe4 Bxh4 17. g3 Be7 18. Bd3 Nxd4 19. Re3 Bc6 20. c3 Nxb3 21. Qb2 Nxa1 22. Qxa1 Qb6 23. Qe1 d5 24. Nd2 d4+ 0-1

[Event "Brasilia Centro Oeste-ch"]
[Site "Brasilia"]
[Date "2017.09.23"]
[Round "4"]
[White "Romeo, Henrique"]
[Black "Martins, Arthur Nunes"]
[Result "1-0"]
[WhiteElo "1425"]
[BlackElo "1747"]
[PlyCount "49"]
[EventDate "2017.09.22"]
[EventType "swiss"]
[EventRounds "6"]
[EventCountry "BRA"]
[SourceTitle "CBM 180 Extra"]
[Source "ChessBase"]
[SourceDate "2017.10.06"]
[SourceVersion "1"]
[SourceVersionDate "2017.10.06"]
[SourceQuality "1"]

1. d4 Nf6 2. c4 g6 3. Nc3 e6 4. e4 d5 5. Bg5 dxe4 6. Nxe4 Nbd7 7. Qf3 Bg7 8. Bd3 0-0 9. Ne2 Re8 10. N2c3 c6 11. Nd6 Rf8 12. Nde4 Re8 13. 0-0-0 a6 14. Nd6 Rf8 15. Nce4 h6 16. Bh4 g5 17. Bg3 Nxe4 18. Bxe4 f5 19. Bb1 f4 20. Qd3 Nf6 21. c5 fxg3 22. hxg3 b6 23. Qg6 bxc5 24. Rxh6 Qxd6 25. Rdh1 1-0